000 03321nkc a22003737a 4500
001 85817
005 20260429094822.0
007 kh boc
008 260420s1901 sp ||||| |||| |0| i|spa d
040 _aM-RABA
_bspa
_cM-RABA
245 0 1 _a[Aranjuez
_b: vistas de fuentes y jardines]
_h[Material gráfico]
260 _c1901
300 _a6 fotografías
_b: aristotipo
_c; imagen 10,5 x 8,5 cm
_c; soporte secundario 19 x 16 cm
500 0 0 _aConjunto de 6 fotografías que muestran diferentes fuentes en jardines de Aranjuez.
500 0 0 _aNota manuscrita al verso en el soporte secundario que indica la ubicación y fecha: Fot-670; "Aranjuez. Fuente de la Espina. Jardín de la Isla. 23 junio 1901" -- Fot-671: "Aranjuez. Fuente en el Jardín de la Isla. 23 junio 1901" -- Fot-672: "Aranjuez. Jardín del Príncipe. Plaza de Pamplona. 23 junio 1901" -- Fot-673: "Fuente de Narcisa. Aranjuez. Jardín del Príncipe. 23 junio 1901" -- Fot-674: "Aranjuez. Fuente del Parterre del Palacio. 23 junio 1901" -- Fot-675: "Aranjuez. Casa del Labrador. 23 junio 1901".
610 2 7 _aPalacio Real de Aranjuez
_2embne
_934389
610 2 7 _aReal Casa del Labrador (
_cAranjuez, España)
_941413
651 7 _aAranjuez (Madrid, España)
_924407
655 0 _aFotografías de monumentos
_9111580
852 _jFot-670; Fot-671; Fot-672; Fot-673; Fot-674; Fot-675
856 _uhttps://archivoybiblioteca.realacademiabellasartessanfernando.com/cgi-bin/koha/opac-retrieve-file.pl?id=bb61544035286267a215a7b847c3b5a7
_yFot-670r
856 _uhttps://archivoybiblioteca.realacademiabellasartessanfernando.com/cgi-bin/koha/opac-retrieve-file.pl?id=4588f0c02cdf46a5c067caaa7a3063d1
_yFot-670v
856 _uhttps://archivoybiblioteca.realacademiabellasartessanfernando.com/cgi-bin/koha/opac-retrieve-file.pl?id=72800f64497b514b3fa23c4c3dbc5458
_yFot-671r
856 _uhttps://archivoybiblioteca.realacademiabellasartessanfernando.com/cgi-bin/koha/opac-retrieve-file.pl?id=732aea5358501b804f11c12d7979cc13
_yFot-671v
856 _uhttps://archivoybiblioteca.realacademiabellasartessanfernando.com/cgi-bin/koha/opac-retrieve-file.pl?id=03ec51fbf20b97ec5bca90b0cd533e90
856 _uhttps://archivoybiblioteca.realacademiabellasartessanfernando.com/cgi-bin/koha/opac-retrieve-file.pl?id=6164dd2b08bdfe1d5f3ca66559697f8d
_yFot-672v
856 _uhttps://archivoybiblioteca.realacademiabellasartessanfernando.com/cgi-bin/koha/opac-retrieve-file.pl?id=d11620b11c30d968b8140af37aa9d1a0
_yFot-673r
856 _uhttps://archivoybiblioteca.realacademiabellasartessanfernando.com/cgi-bin/koha/opac-retrieve-file.pl?id=68c5a4461eb8526f97a48f5a9a5c5caa
_yFot-673v
856 _uhttps://archivoybiblioteca.realacademiabellasartessanfernando.com/cgi-bin/koha/opac-retrieve-file.pl?id=34246149bc6501b4b637e10108ed51b1
_yFot-674r
856 _uhttps://archivoybiblioteca.realacademiabellasartessanfernando.com/cgi-bin/koha/opac-retrieve-file.pl?id=42a395727c05e697d8e6ac53a3dc1884
_yFot-674v
856 _uhttps://archivoybiblioteca.realacademiabellasartessanfernando.com/cgi-bin/koha/opac-retrieve-file.pl?id=72ba948f57c4111ef8169e719e3d15f2
_yFot-675r
856 _uhttps://archivoybiblioteca.realacademiabellasartessanfernando.com/cgi-bin/koha/opac-retrieve-file.pl?id=6d3e84f1fc4a5b8fd704c0a7ccb9d12e
_yFot-675v
942 _cFOTOGRAFÍA
_n0
999 _c85817
_d85817